Statistics for Battleship ships

Click here to take the quiz!

General Stats

  • This quiz has been taken 25 times
  • The average score is 4 of 5

Answer Stats

PegsShip% Correct
5Carrier
91%
4Battleship
74%
2Destroyer
74%
3Submarine
70%
3Cruiser
61%

Score Distribution

Percentile by Number Answered

Percent of People with Each Score

Your Score History

You have not taken this quiz